00756nam a2200217 a 4500008004100000020002300041100002200064245008900086260007700175300002600252440003500278440003200313504006600345650002700411650002100438700002400459700002800483003000100511005001700512040000900529  a0198535759 (hbk.) 1 aAmberg, Bernhard.10aProducts of groups /cBernhard Amberg, Silvana Franciosi, and Francesco de Giovanni. aOxford :bClarendon Press ;aNew York :bOxford University Press,c1992. axii, 220 p. ;c25 cm. 0aOxford mathematical monographs 0aOxford science publications aIncludes bibliographical references (p. [211]-218) and index. 0aProducts of subgroups. 0aInfinite groups.1 aFranciosi, Silvana.1 aDe Giovanni, Francesco.20230123133208.0 cNUST